[Event "Paris-ch Open B"]
[Site "Paris"]
[Date "2011.07.04"]
[Round "3.9"]
[White "Tran Tu, Kieu"]
[Black "Mkhitarian, Aram"]
[Result "1/2-1/2"]
[WhiteElo "1740"]
[BlackElo "1838"]
[PlyCount "74"]

1. c4 Nf6 2. Nc3 c6 3. g3 d6 4. Bg2 e5 5. Nf3 Be7 6. O-O Be6 7. b3 O-O 8. d4
Qc7 9. Bb2 Nbd7 10. Qc2 Rfe8 11. Rfd1 Bf8 12. Rac1 Bg4 13. dxe5 dxe5 14. Ne4
Bh5 15. Nxf6+ Nxf6 16. Qf5 Bg6 17. Qg5 Ne4 18. Bxe5 Qa5 19. Qf4 Qxa2 20. Nh4
Qa5 21. Bxe4 Qxe5 22. Qxe5 Rxe5 23. Bxg6 hxg6 24. e3 a5 25. Ra1 Bb4 26. Nf3 Re7
27. Ra4 Bc3 28. Rd3 Bf6 29. b4 b6 30. bxa5 bxa5 31. Rda3 Rea7 32. Nd2 Be7 33.
Ra2 Bb4 34. Nb3 c5 35. Kg2 Kf8 36. Kf3 Ke7 37. Ke4 Ke6 1/2-1/2

[Event "Paris-ch Open B"]
[Site "Paris"]
[Date "2011.07.04"]
[Round "3.10"]
[White "Saunier, Serge"]
[Black "Yarur Elsaca, Daniel"]
[Result "1-0"]
[WhiteElo "1833"]
[BlackElo "1727"]
[PlyCount "75"]

1. d4 d5 2. Nf3 Bf5 3. c4 e6 4. Nc3 Nf6 5. Qb3 Nc6 6. a3 Rb8 7. Bg5 Be7 8. e3
h6 9. Bxf6 Bxf6 10. cxd5 exd5 11. Nxd5 O-O 12. Be2 Re8 13. Nxf6+ Qxf6 14. O-O
Ne7 15. Rfc1 c6 16. Qa4 Ra8 17. Ne5 Nd5 18. Bf3 Ne7 19. Rc5 a6 20. Rac1 Rad8
21. Qa5 Qg5 22. Nd3 Nd5 23. Bxd5 Rxd5 24. Rxd5 cxd5 25. Ne1 Rxe3 26. Qxd5 Re8
27. Rd1 Qg6 28. Qb3 Re4 29. Qxb7 Bh3 30. Qb8+ Kh7 31. Qg3 Bg4 32. f3 Qg5 33.
fxe4 Qh5 34. Nf3 Bd7 35. b4 Bb5 36. Qe5 g5 37. Rc1 Be2 38. Rc8 1-0

[Event "Paris-ch Open B"]
[Site "Paris"]
[Date "2011.07.05"]
[Round "4.1"]
[White "Jacq, Rene"]
[Black "Percheron, Andre"]
[Result "0-1"]
[WhiteElo "1772"]
[BlackElo "1890"]
[PlyCount "120"]

1. d4 Nf6 2. c4 e5 3. e3 exd4 4. exd4 d5 5. Nf3 Bb4+ 6. Nc3 O-O 7. c5 Re8+ 8.
Be2 Ne4 9. Bd2 Nxd2 10. Qxd2 b6 11. O-O bxc5 12. dxc5 Bxc3 13. bxc3 Qe7 14.
Rfe1 Qxc5 15. Bd3 Be6 16. Ng5 h6 17. Nxe6 fxe6 18. Re3 e5 19. Rg3 Re6 20. Rd1
e4 21. Be2 c6 22. c4 Rf6 23. Bf1 Rd6 24. Qb2 Rd7 25. Qe5 Rf7 26. Rd2 Nd7 27.
Qc3 Nb6 28. cxd5 Qxc3 29. Rxc3 cxd5 30. Rd4 Raf8 31. Rc2 e3 32. f3 Rf4 33. Rd1
d4 34. Be2 Rd8 35. g3 Rf7 36. Kg2 Rfd7 37. Bd3 Kf8 38. f4 Nd5 39. Kf3 Re7 40.
Bc4 Nb4 41. Rb2 d3 42. a3 e2 43. Rxe2 Rxe2 44. axb4 Rxh2 45. Bxd3 Rb2 46. b5
Rb3 47. Ke2 Ke7 48. g4 Kf6 49. g5+ hxg5 50. fxg5+ Kxg5 51. Rg1+ Kf4 52. Rf1+
Ke5 53. Bg6 Kd6 54. Rf7 Rd7 55. Rf5 Kc7 56. Re5 Kd6 57. Rg5 Re7+ 58. Kd2 Re5
59. Rxe5 Kxe5 60. Be8 g5 0-1

[Event "Paris-ch Open B"]
[Site "Paris"]
[Date "2011.07.05"]
[Round "4.2"]
[White "Bazzazi, Elnaz"]
[Black "Duget, Long Jc"]
[Result "1-0"]
[WhiteElo "1711"]
[BlackElo "1870"]
[PlyCount "49"]

1. e4 c5 2. Nf3 g6 3. d4 cxd4 4. Nxd4 Bg7 5. Nc3 Nc6 6. Be3 Nf6 7. Bc4 Qa5 8.
f3 Qb4 9. Bb3 Nxe4 10. Nxc6 Bxc3+ 11. bxc3 Qxc3+ 12. Ke2 dxc6 13. Bd4 e5 14.
Be3 O-O 15. Re1 Qa5 16. Kf1 Rd8 17. Qc1 Nd2+ 18. Kg1 Nxb3 19. axb3 Qc3 20. Ra4
Be6 21. Bg5 b5 22. Rae4 Qc5+ 23. Kh1 Rd5 24. Bf6 h5 25. Qh6 1-0

[Event "Paris-ch Open B"]
[Site "Paris"]
[Date "2011.07.05"]
[Round "4.3"]
[White "Bonneville, Thaymour"]
[Black "Bah, Ismael"]
[Result "1-0"]
[WhiteElo "1864"]
[BlackElo "1775"]
[PlyCount "65"]

1. e4 Nc6 2. d4 d5 3. exd5 Qxd5 4. Nf3 Bf5 5. c4 Qd8 6. d5 Nb8 7. Bd3 Bxd3 8.
Qxd3 Qd6 9. Nc3 Qg6 10. Qxg6 hxg6 11. Bf4 c6 12. O-O-O Nf6 13. Rhe1 a6 14. Bd6
cxd5 15. cxd5 Kd7 16. Ne5+ Ke8 17. Bxe7 Bxe7 18. d6 Rxh2 19. Nc4 Nc6 20. dxe7
Rxg2 21. Nd6+ Kd7 22. e8=Q+ Nxe8 23. Nxe8+ Kc8 24. Nd5 Kb8 25. Nec7 Ka7 26.
Nxa8 Kxa8 27. Rd2 f6 28. Re8+ Ka7 29. Rg8 g5 30. Rxg7 f5 31. f4 Rg1+ 32. Rd1
Rg2 33. Rxg5 1-0

[Event "Paris-ch Open B"]
[Site "Paris"]
[Date "2011.07.05"]
[Round "4.4"]
[White "Mohammad, Fahim"]
[Black "Vuddamalay, Milan"]
[Result "0-1"]
[WhiteElo "1854"]
[BlackElo "1766"]
[PlyCount "116"]

1. d4 d5 2. c4 c6 3. Nf3 Nf6 4. e3 e6 5. Bd3 Nbd7 6. O-O Bd6 7. Nc3 dxc4 8.
Bxc4 b5 9. Bd3 Bb7 10. e4 e5 11. dxe5 Nxe5 12. Nxe5 Bxe5 13. Be3 O-O 14. Qe2
Qe7 15. f3 Rfd8 16. Rad1 a6 17. Qf2 Rac8 18. Bc5 Bd6 19. Bxd6 Rxd6 20. Rfe1 Nd7
21. e5 Nxe5 22. Qe3 Re6 23. Bf5 Nxf3+ 24. Kf2 Qh4+ 25. Kxf3 Rxe3+ 26. Rxe3 Qf6
27. g4 g6 28. Ne4 c5 29. Ke2 Bxe4 30. Bxc8 Qe5 31. Bxa6 Qxh2+ 32. Ke1 Qh4+ 33.
Kd2 Qxg4 34. Bxb5 f5 35. a4 Qg2+ 36. Re2 Qg5+ 37. Re3 Qh4 38. a5 Qd8+ 39. Ke2
Qxa5 40. Bc4+ Kh8 41. Rd6 Qc7 42. Re6 Kg7 43. Kd2 h5 44. Bd3 Qa5+ 45. Ke2 Bxd3+
46. Kxd3 Qb4 47. Kc2 h4 48. b3 c4 49. bxc4 Qxc4+ 50. Kd2 Kh6 51. Ke1 Qf4 52.
Re8 Kg5 53. Re2 h3 54. Rh8 Kg4 55. Rh7 g5 56. Rf2 Qc1+ 57. Ke2 f4 58. Rh6 f3+
0-1

[Event "Paris-ch Open B"]
[Site "Paris"]
[Date "2011.07.05"]
[Round "4.5"]
[White "Bourcier, Laurent"]
[Black "Ettayeb, Jemchid"]
[Result "1-0"]
[WhiteElo "1838"]
[BlackElo "1722"]
[PlyCount "85"]

1. e4 c5 2. Nf3 Nc6 3. Nc3 g6 4. d4 cxd4 5. Nxd4 Bg7 6. Be3 a6 7. Be2 Nf6 8.
O-O O-O 9. Kh1 d5 10. exd5 Nxd5 11. Nxd5 Qxd5 12. Nxc6 Qxc6 13. c3 Bf5 14. Bf3
Qb5 15. Qb3 Bd3 16. Rfd1 Qf5 17. Qd5 Qxd5 18. Bxd5 Bf5 19. Rd2 Rad8 20. Rad1 e6
21. Bxb7 Rxd2 22. Rxd2 e5 23. Bxa6 Be6 24. b3 f5 25. f3 h5 26. g3 Ra8 27. Bb5
Rc8 28. c4 f4 29. gxf4 exf4 30. Bb6 Bf6 31. c5 Be7 32. Ba6 Re8 33. c6 g5 34. c7
g4 35. fxg4 hxg4 36. Rd8 Bxd8 37. cxd8=Q Kf7 38. Qc7+ Kg6 39. Qxf4 g3 40. Bd3+
Kh5 41. hxg3 Bd5+ 42. Kh2 Rg8 43. Qh4# 1-0

[Event "Paris-ch Open B"]
[Site "Paris"]
[Date "2011.07.05"]
[Round "4.6"]
[White "David, Jean Luc"]
[Black "Saunier, Serge"]
[Result "1-0"]
[WhiteElo "1688"]
[BlackElo "1833"]
[PlyCount "125"]

1. d4 d5 2. Nf3 c6 3. g3 Nf6 4. Bg2 e6 5. O-O Be7 6. Nbd2 O-O 7. a4 a5 8. c4
Qc7 9. c5 Nbd7 10. Ra3 e5 11. Nb3 e4 12. Bf4 Qd8 13. Ne5 Nh5 14. Nxd7 Qxd7 15.
Bd2 b6 16. f3 Nf6 17. Bg5 exf3 18. Rxf3 Ne4 19. Bxe7 Qxe7 20. cxb6 Qb4 21. Rf4
Nd6 22. b7 Bxb7 23. Nc5 Ba6 24. Rb3 Qc4 25. Bf1 Rfb8 26. Rxb8+ Rxb8 27. e3 Qa2
28. Nxa6 Rxb2 29. Qg4 Rb7 30. Nc5 Re7 31. Rf3 Qb2 32. Nd3 Qb7 33. Ne5 Ne4 34.
Bd3 Nd6 35. Qh4 h6 36. Nxc6 Re8 37. Ne5 Qb3 38. Bb5 Nxb5 39. axb5 Qb1+ 40. Rf1
Qxb5 41. Nxf7 Qe2 42. Qf4 Qxe3+ 43. Qxe3 Rxe3 44. Ne5 a4 45. Kf2 Rb3 46. Ra1 a3
47. h4 h5 48. Ng6 Rd3 49. Nf4 Rxd4 50. Rxa3 Rd2+ 51. Kf3 Kh7 52. Nxh5 Kg6 53.
Nf4+ Kf6 54. Rd3 Ra2 55. Rxd5 Kf7 56. h5 Kg8 57. Ng6 Kh7 58. Kg4 Ra4+ 59. Kg5
Ra3 60. g4 Ra4 61. Rd8 Rxg4+ 62. Kxg4 Kh6 63. Rh8# 1-0

[Event "Paris-ch Open B"]
[Site "Paris"]
[Date "2011.07.05"]
[Round "4.7"]
[White "Torres, Emile"]
[Black "Ruelle, Cedric"]
[Result "1/2-1/2"]
[WhiteElo "1790"]
[BlackElo "1720"]
[PlyCount "89"]

1. e4 c5 2. Nc3 d6 3. Bc4 Nf6 4. a4 g6 5. d3 Bg7 6. f4 Nc6 7. Nf3 Bd7 8. O-O
O-O 9. Qe1 a6 10. Nh4 Nd4 11. Qf2 Ng4 12. Qd2 e6 13. g3 b5 14. Ba2 bxa4 15. h3
Ne3 16. Bb1 Nxf1 17. Kxf1 e5 18. Kg2 exf4 19. Qxf4 Be5 20. Qf2 f5 21. Bh6 Bg7
22. Qd2 fxe4 23. Nxe4 Bc6 24. Ba2+ Kh8 25. Re1 Qf6 26. Bg5 Bxe4+ 27. dxe4 Qe5
28. Bf4 Qe7 29. c3 Nb5 30. Qd5 Be5 31. Bh6 Bg7 32. Bf4 Rad8 33. Nf3 a3 34. Bg5
Qd7 35. Bxd8 Qxd8 36. Ng5 Qe7 37. Rf1 h6 38. Rxf8+ Qxf8 39. Ne6 Qg8 40. bxa3
Nxc3 41. Qc4 Nxa2 42. Qxa2 Be5 43. Qd5 Qc8 44. Qc4 Kh7 45. Nf4 1/2-1/2

[Event "Paris-ch Open B"]
[Site "Paris"]
[Date "2011.07.05"]
[Round "4.8"]
[White "Collette, Gilles"]
[Black "De Balmann, Marc"]
[Result "1-0"]
[WhiteElo "1895"]
[BlackElo "1710"]
[PlyCount "67"]

1. e4 e6 2. d3 d5 3. Nd2 Nf6 4. Ngf3 c5 5. g3 Nc6 6. Bg2 Be7 7. O-O O-O 8. e5
Nd7 9. Re1 Qc7 10. Qe2 a5 11. Nf1 b5 12. Bf4 Bb7 13. h4 c4 14. d4 b4 15. c3 a4
16. Bg5 Bxg5 17. Nxg5 h6 18. Nh3 a3 19. Ne3 axb2 20. Qxb2 bxc3 21. Qxc3 Qa5 22.
Qxa5 Nxa5 23. f4 Ra7 24. f5 Rfa8 25. fxe6 fxe6 26. Rab1 Bc8 27. Nf4 Nf8 28. Rb6
Ra6 29. Reb1 Rxb6 30. Rxb6 Ra6 31. Rb8 Bd7 32. Ng6 Nc6 33. Rxf8+ Kh7 34. h5 1-0

[Event "Paris-ch Open B"]
[Site "Paris"]
[Date "2011.07.05"]
[Round "4.9"]
[White "Anicette, Hugues"]
[Black "Leclerc, Arnaud"]
[Result "1/2-1/2"]
[WhiteElo "1761"]
[BlackElo "1883"]
[PlyCount "45"]

1. e4 e5 2. Nf3 d6 3. d4 f5 4. dxe5 fxe4 5. Ng5 d5 6. c4 Be7 7. Nh3 d4 8. Nf4
Bb4+ 9. Bd2 Bxd2+ 10. Nxd2 Qg5 11. Qh5+ Qxh5 12. Nxh5 g6 13. Nf4 Bf5 14. Nd5
Na6 15. a3 O-O-O 16. g3 c6 17. Nf4 Ne7 18. Bg2 Nc5 19. b4 Nd7 20. Bxe4 Bxe4 21.
Nxe4 Nxe5 22. Ne6 Rd7 23. N6c5 1/2-1/2

[Event "Paris-ch Open B"]
[Site "Paris"]
[Date "2011.07.06"]
[Round "4.10"]
[White "Iosif, Florin"]
[Black "Strovsky, Mikhail"]
[Result "1/2-1/2"]
[WhiteElo "1750"]
[BlackElo "1879"]
[PlyCount "59"]

1. e4 e5 2. Nf3 Nf6 3. Nxe5 d6 4. Nf3 Nxe4 5. d3 Nf6 6. Bg5 Be7 7. Qd2 Nc6 8.
Be2 h6 9. Bxf6 Bxf6 10. Nc3 Be6 11. d4 d5 12. h3 a6 13. a3 Qd7 14. Na2 Be7 15.
Nb4 Nxb4 16. axb4 O-O 17. O-O Bd6 18. Rfe1 Bf5 19. Ne5 Bxe5 20. dxe5 Rae8 21.
Bd3 c6 22. Ra3 Re7 23. f4 Bxd3 24. Rxd3 f6 25. g4 Rfe8 26. Rde3 fxe5 27. fxe5
Re6 28. c3 Qc7 29. Qd4 a5 30. bxa5 1/2-1/2

[Event "Paris-ch Open B"]
[Site "Paris"]
[Date "2011.07.06"]
[Round "5.1"]
[White "Percheron, Andre"]
[Black "Bazzazi, Elnaz"]
[Result "0-1"]
[WhiteElo "1890"]
[BlackElo "1711"]
[PlyCount "130"]

1. e4 e5 2. Bc4 Nf6 3. d3 c6 4. Nf3 Be7 5. O-O d6 6. Bg5 Bg4 7. Nbd2 Nbd7 8.
Re1 h6 9. Bh4 g5 10. Bg3 Be6 11. Bxe6 fxe6 12. Nc4 Qc7 13. d4 O-O-O 14. dxe5
dxe5 15. Qe2 Nh5 16. Bxe5 Nxe5 17. Nfxe5 Nf4 18. Qe3 Kb8 19. Nf7 Bc5 20. Qxc5
Qxf7 21. Nd6 Qe7 22. e5 Rd7 23. Re3 Ng6 24. Rd3 Rhd8 25. Rad1 b6 26. Qc3 Kc7
27. Nc4 Rxd3 28. cxd3 Nf4 29. Kf1 Rd5 30. d4 Qh7 31. Nd6 Qd7 32. Ne4 c5 33. Nd6
Qa4 34. Rc1 Qxa2 35. g3 Qa6+ 36. Qc4 Qxc4+ 37. Rxc4 Nd3 38. b3 a6 39. dxc5 Nxe5
40. Re4 Rxc5 41. Ne8+ Kc6 42. f4 gxf4 43. gxf4 Nd3 44. Rxe6+ Kd5 45. Rd6+ Ke4
46. Nf6+ Ke3 47. Ng4+ Kxf4 48. Rd4+ Kf3 49. Rxd3+ Kxg4 50. Rd6 Rb5 51. Rxh6
Rxb3 52. h4 a5 53. h5 Kg5 54. Rh8 a4 55. Ke2 a3 56. Kd2 b5 57. h6 Kg6 58. Ra8
Kxh6 59. Kc2 Rb2+ 60. Kc1 b4 61. Rf8 b3 62. Ra8 Rc2+ 63. Kb1 a2+ 64. Ka1 Rc1+
65. Kb2 Rb1+ 0-1

[Event "Paris-ch Open B"]
[Site "Paris"]
[Date "2011.07.06"]
[Round "5.2"]
[White "Vuddamalay, Milan"]
[Black "Bonneville, Thaymour"]
[Result "0-1"]
[WhiteElo "1766"]
[BlackElo "1864"]
[PlyCount "56"]

1. d4 d5 2. c4 c6 3. Nc3 Nf6 4. Nf3 e6 5. Bg5 dxc4 6. e4 b5 7. e5 h6 8. Bh4 g5
9. Nxg5 hxg5 10. Bxg5 Nbd7 11. a4 Bb7 12. exf6 Bb4 13. Qf3 Qb6 14. Be3 Bxc3+
15. bxc3 Qa5 16. Bd2 Nb6 17. Qd1 Nxa4 18. Bxc4 Qc7 19. h3 Nb2 20. Qg4 bxc4 21.
Qg7 Nd3+ 22. Ke2 O-O-O 23. Qg4 Rhg8 24. Qh4 Rxg2 25. Be3 c5 26. dxc5 Qc6 27.
Qh5 Qe4 28. Rhf1 Nf4+ 0-1

[Event "Paris-ch Open B"]
[Site "Paris"]
[Date "2011.07.06"]
[Round "5.3"]
[White "David, Jean-Luc"]
[Black "Bourcier, Laurent"]
[Result "0-1"]
[WhiteElo "1688"]
[BlackElo "1838"]
[PlyCount "56"]

1. c4 f5 2. d4 Nf6 3. d5 g6 4. Bd2 e5 5. Bc3 d6 6. Qa4+ Bd7 7. Qb3 Na6 8. Qxb7
Nc5 9. Qb4 Bg7 10. f3 O-O 11. Nd2 Na4 12. e4 fxe4 13. fxe4 Ng4 14. Ngf3 Ne3 15.
Bd3 Nxg2+ 16. Kf2 Nf4 17. Bf1 Nc5 18. Qa3 Bh6 19. h4 Bg4 20. b4 Ncd3+ 21. Bxd3
Nxd3+ 22. Kg3 Bf4+ 23. Kg2 Bxd2 24. Nxd2 Nf4+ 25. Kg3 Qd7 26. Raf1 Bh5 27. Kf2
Qg4 28. Rhg1 Nh3+ 0-1

[Event "Paris-ch Open B"]
[Site "Paris"]
[Date "2011.07.06"]
[Round "5.4"]
[White "Stark, Gabriel"]
[Black "Collette, Gilles"]
[Result "1-0"]
[WhiteElo "1786"]
[BlackElo "1895"]
[PlyCount "73"]

1. d4 Nf6 2. c4 Nc6 3. d5 Ne5 4. Qc2 e6 5. f4 Bb4+ 6. Bd2 Bxd2+ 7. Nxd2 Ng6 8.
dxe6 dxe6 9. g3 Qe7 10. Ngf3 O-O 11. Bh3 Re8 12. O-O-O c5 13. e4 e5 14. Bxc8
Rexc8 15. f5 Nf8 16. Nb1 Rd8 17. Nc3 Rxd1+ 18. Rxd1 N8d7 19. Qd3 a6 20. Nd5
Nxd5 21. Qxd5 Nf6 22. Qxe5 Qxe5 23. Nxe5 Re8 24. Nd7 Rxe4 25. Nxc5 Rxc4+ 26.
Kb1 Kf8 27. Nxb7 Ng4 28. Rd6 Nxh2 29. Rxa6 Nf1 30. b3 Rg4 31. a4 Rxg3 32. Rb6
Nd2+ 33. Kc2 Rg2 34. Kd3 Nb1 35. a5 Ra2 36. Rc6 Ra3 37. Kc2 1-0

[Event "Paris-ch Open B"]
[Site "Paris"]
[Date "2011.07.06"]
[Round "5.5"]
[White "Taramelli, Marc"]
[Black "Stojanovic, Vojislav"]
[Result "1/2-1/2"]
[WhiteElo "1853"]
[BlackElo "1781"]
[PlyCount "49"]

1. e4 c6 2. d4 d5 3. Nc3 dxe4 4. Nxe4 Nd7 5. Nf3 Ndf6 6. Ng3 e6 7. Bd3 Bd6 8.
O-O Ne7 9. Ne5 Ng6 10. Qe2 Be7 11. c3 Nd7 12. Rd1 Qc7 13. Re1 Ndxe5 14. dxe5
Bd7 15. a4 O-O 16. Qh5 c5 17. Bg5 Bc6 18. Ne4 Bxe4 19. Rxe4 Bxg5 20. Qxg5 Rad8
21. Re3 Qe7 22. Qh5 Rxd3 23. Rxd3 Nf4 24. Qf3 Nxd3 25. Qxd3 1/2-1/2

[Event "Paris-ch Open B"]
[Site "Paris"]
[Date "2011.07.06"]
[Round "5.6"]
[White "Baudin, Vincent"]
[Black "Mkhitarian, Aram"]
[Result "0-1"]
[WhiteElo "1774"]
[BlackElo "1835"]
[PlyCount "66"]

1. d4 Nf6 2. c4 g6 3. g3 Bg7 4. Bg2 d6 5. Nf3 O-O 6. Nbd2 Nbd7 7. b3 Re8 8. Bb2
e6 9. O-O c6 10. Qc2 d5 11. Rfd1 b6 12. e4 Bb7 13. Rac1 Rc8 14. Qd3 c5 15. exd5
exd5 16. dxc5 Nxc5 17. Qb1 Qe7 18. cxd5 Bxd5 19. Ba3 Bh6 20. Re1 Qb7 21. Bxc5
bxc5 22. Qb2 Ne4 23. Bh3 Rcd8 24. Rcd1 Bxd2 25. Nxd2 Ng5 26. Bf1 Qd7 27. h4
Nh3+ 28. Kh2 Nxf2 29. Rc1 Ng4+ 30. Kg1 Ne3 31. Qc3 Nxf1 32. Rxf1 Qh3 33. Rf2
Qh1# 0-1

[Event "Paris-ch Open B"]
[Site "Paris"]
[Date "2011.07.06"]
[Round "5.7"]
[White "Vernadet, Jacques"]
[Black "Nacer, Mohamed Arezki"]
[Result "0-1"]
[WhiteElo "1802"]
[BlackElo "1409"]
[PlyCount "90"]

1. e4 e5 2. Nf3 Nc6 3. d4 exd4 4. Nxd4 Bc5 5. c3 d6 6. Be2 Nf6 7. f3 h6 8. Be3
Bb6 9. Na3 a6 10. Nc4 Ba7 11. a4 Bd7 12. Qd2 Qe7 13. Bf2 Rd8 14. O-O Ne5 15.
Kh1 O-O 16. Ne3 Bxd4 17. cxd4 Ng6 18. g3 Bh3 19. Rfe1 c5 20. Ng2 Qc7 21. Rac1
Qb8 22. Qa5 cxd4 23. Bxd4 Ne5 24. Qc7 Rd7 25. Qxb8 Rxb8 26. Rc3 Rdd8 27. Rec1
Rbc8 28. g4 Bxg2+ 29. Kxg2 Rxc3 30. Rxc3 Rd7 31. h3 Nh7 32. Rc8+ Nf8 33. Bb6
Nc6 34. Bxa6 Ne7 35. Rc7 bxa6 36. Rc3 Rb7 37. a5 Nd7 38. Bd8 Ng6 39. Kg3 Nc5
40. Bb6 Na4 41. Rc8+ Kh7 42. Bc7 Ne7 43. Rd8 Rxc7 44. Rxd6 Rc6 45. Rd4 Nxb2 0-1

[Event "Paris-ch Open B"]
[Site "Paris"]
[Date "2011.07.06"]
[Round "5.8"]
[White "Tran-Tu, Kieu"]
[Black "Torres, Emile"]
[Result "1/2-1/2"]
[WhiteElo "1729"]
[BlackElo "1790"]
[PlyCount "106"]

1. c4 e6 2. Nc3 Nf6 3. g3 d5 4. cxd5 exd5 5. d4 Be7 6. Bg2 O-O 7. Bg5 c6 8. Nf3
Ne4 9. Bxe7 Qxe7 10. O-O Nd7 11. e3 Nb6 12. Nd2 Nd6 13. b3 Bf5 14. Nf3 Rfe8 15.
Nh4 Bd7 16. Qh5 Qf6 17. Rfe1 Rac8 18. Rac1 h6 19. Nf3 Bf5 20. Ne5 Nd7 21. Nxd7
Bxd7 22. Qd1 Bf5 23. Qf3 Qg6 24. Qf4 Re6 25. Qh4 Ree8 26. Bh3 Ne4 27. Bg2 Nxc3
28. Rxc3 Be4 29. Qh3 Bf5 30. Qh4 Qe6 31. h3 Rc7 32. Rec1 Rec8 33. b4 b6 34. Kh2
Qd6 35. a3 a5 36. Qh5 Bg6 37. Qd1 axb4 38. axb4 Be4 39. Qb3 Bxg2 40. Kxg2 Qe7
41. Qc2 Qxb4 42. Rb1 Qa5 43. Qb2 b5 44. Ra1 Qb6 45. Rc5 Ra7 46. Rac1 Ra4 47. e4
dxe4 48. d5 b4 49. Rxc6 Rxc6 50. dxc6 Qc7 51. Qd4 g6 52. Qxe4 Ra6 53. Qe8+ Kh7
1/2-1/2

[Event "Paris-ch Open B"]
[Site "Paris"]
[Date "2011.07.06"]
[Round "5.9"]
[White "Ruelle, Cedric"]
[Black "Dimitrijevic, Dragan"]
[Result "0-1"]
[WhiteElo "1720"]
[BlackElo "1884"]
[PlyCount "58"]

1. e4 c5 2. Nf3 e6 3. d4 cxd4 4. Nxd4 Nf6 5. Bd3 Nc6 6. Be3 d5 7. Nxc6 bxc6 8.
e5 Nd7 9. f4 Bc5 10. Qd2 Qb6 11. Bxc5 Nxc5 12. Nc3 Qxb2 13. Rb1 Qa3 14. O-O
Nxd3 15. cxd3 O-O 16. d4 Qe7 17. Na4 f6 18. Rfc1 fxe5 19. fxe5 Bd7 20. Nc5 Rab8
21. Qa5 Rxb1 22. Rxb1 Qf7 23. h3 Qf2+ 24. Kh1 Bc8 25. Qa4 h6 26. Qxc6 Qg3 27.
Nxe6 Qg6 28. Rb5 Bxe6 29. Rb7 Rf2 0-1

[Event "Paris-ch Open B"]
[Site "Paris"]
[Date "2011.07.06"]
[Round "5.10"]
[White "Chang, Xavier"]
[Black "Anicette, Hugues"]
[Result "1-0"]
[WhiteElo "1897"]
[BlackElo "1761"]
[PlyCount "105"]

1. Nf3 Nf6 2. d4 e6 3. e3 c5 4. Bd3 d5 5. b3 Be7 6. O-O O-O 7. Nbd2 b6 8. Bb2
Ba6 9. c4 dxc4 10. Nxc4 Bb7 11. Qe2 Be4 12. Rfd1 Bxd3 13. Rxd3 Qc7 14. dxc5
Qxc5 15. Ba3 Qc7 16. Nd6 Nd5 17. Nb5 Qb7 18. Bxe7 Qxe7 19. Qd2 a6 20. Nc3 Nf6
21. e4 Nc6 22. e5 Ng4 23. Qf4 Nh6 24. Ne4 Nf5 25. g4 Nh4 26. Nf6+ Kh8 27. Nxh4
gxf6 28. exf6 Qb4 29. Qxb4 Nxb4 30. Rd6 Rab8 31. Nf3 h6 32. Ne5 Rb7 33. Nc4 Nd5
34. Rd1 b5 35. Ne3 Nxf6 36. Rxa6 Rg8 37. h3 h5 38. f3 hxg4 39. hxg4 Rg5 40. Kf2
Rc5 41. Ke2 Kg7 42. Rd4 Re5 43. Kd3 Rc5 44. Ra5 e5 45. Rd6 Ne8 46. Nf5+ Kh7 47.
Rh6+ Kg8 48. Ra8 e4+ 49. Kxe4 Rxf5 50. gxf5 Re7+ 51. Kf4 Kg7 52. Rb6 Nc7 53.
f6+ 1-0

[Event "Paris-ch Open B"]
[Site "Paris"]
[Date "2011.07.07"]
[Round "6.1"]
[White "Bonneville, Thaymour"]
[Black "Bourcier, Laurent"]
[Result "1/2-1/2"]
[WhiteElo "1864"]
[BlackElo "1838"]
[PlyCount "62"]

1. e4 c5 2. Nf3 d6 3. d4 cxd4 4. Nxd4 Nf6 5. Nc3 Nc6 6. Bg5 e6 7. Qd2 a6 8. Rd1
h6 9. Bf4 Bd7 10. Nb3 e5 11. Bg3 Be6 12. f3 Na5 13. Nd5 Nxb3 14. Nxf6+ Qxf6 15.
cxb3 b5 16. Be2 Be7 17. f4 exf4 18. Bxf4 O-O 19. O-O Qg6 20. Rf3 Bg5 21. Rg3
Rad8 22. Bxg5 hxg5 23. Rxg5 Qxe4 24. Bd3 Qh4 25. Rg3 Qd4+ 26. Kh1 g6 27. Qc2
Bg4 28. Be2 Rc8 29. Qxc8 Qxd1+ 30. Bxd1 Bxc8 31. Rd3 Re8 1/2-1/2

[Event "Paris-ch Open B"]
[Site "Paris"]
[Date "2011.07.07"]
[Round "6.2"]
[White "Bazzazi, Elnaz"]
[Black "Mkhitarian, Aram"]
[Result "1-0"]
[WhiteElo "1711"]
[BlackElo "1835"]
[PlyCount "67"]

1. e4 e5 2. Nf3 Nc6 3. Nc3 d6 4. d4 exd4 5. Nxd4 Bd7 6. Bc4 Nf6 7. Nd5 Ne5 8.
Bb3 c5 9. Nf5 c4 10. f4 cxb3 11. fxe5 Nxe4 12. O-O dxe5 13. axb3 Be6 14. c4
Bc5+ 15. Be3 Bxe3+ 16. Nfxe3 O-O 17. Qh5 Qg5 18. Qxg5 Nxg5 19. Nc7 Rab8 20.
Rxa7 Rfd8 21. Ned5 Bd7 22. b4 f6 23. b5 Ne4 24. Rc1 Nd6 25. b4 Kf7 26. Rc3 g6
27. b6 Rdc8 28. c5 Nb5 29. Nxb5 Bxb5 30. Nc7 Rd8 31. Nxb5 Rd1+ 32. Kf2 Rb1 33.
c6 Rxb4 34. Rxb7+ 1-0

[Event "Paris-ch Open B"]
[Site "Paris"]
[Date "2011.07.07"]
[Round "6.3"]
[White "Nacer, Mohamed Arezki"]
[Black "Stark, Gabriel"]
[Result "1/2-1/2"]
[WhiteElo "1409"]
[BlackElo "1786"]
[PlyCount "112"]

1. e4 e6 2. d4 d5 3. e5 c5 4. c3 Nc6 5. Nf3 Qb6 6. Bd3 Bd7 7. O-O cxd4 8. cxd4
Nxd4 9. Nxd4 Qxd4 10. Nc3 Qb6 11. Qe2 Bc5 12. Qg4 O-O-O 13. Na4 Bxa4 14. Qxa4
Ne7 15. Bg5 h6 16. Bxe7 Bxe7 17. Rac1+ Kb8 18. Rc3 Rc8 19. Rb3 Qc6 20. Bb5 Qc5
21. Ba6 Rc7 22. Rb5 Qc6 23. Rxb7+ Ka8 24. Qxc6 Rxc6 25. Rxe7 Rxa6 26. a3 Rb6
27. Rxf7 Rb7 28. Rxb7 Kxb7 29. g3 Rc8 30. f4 g6 31. Kg2 Rc2+ 32. Rf2 Rc1 33.
Rd2 Kc6 34. Kh3 Rb1 35. Kg4 Kd7 36. Kf3 Kc6 37. Ke3 Kd7 38. Kd4 Kc6 39. Kc3 Kd7
40. Kb4 Kc6 41. a4 a6 42. Rc2+ Kb6 43. a5+ Kb7 44. g4 Rf1 45. Kc5 Kc7 46. Kd4+
Kd7 47. Ke3 Ra1 48. f5 gxf5 49. gxf5 exf5 50. Kf4 Rf1+ 51. Kg3 Re1 52. Kf4 Rf1+
53. Kg3 Re1 54. Kf4 Rf1+ 55. Ke3 Ra1 56. Kf4 Rf1+ 1/2-1/2

[Event "Paris-ch Open B"]
[Site "Paris"]
[Date "2011.07.07"]
[Round "6.4"]
[White "Stojanovic, Vojislav"]
[Black "Chang, Xavier"]
[Result "0-1"]
[WhiteElo "1781"]
[BlackElo "1897"]
[PlyCount "80"]

1. e4 Nf6 2. Nc3 d6 3. Be2 Nbd7 4. Nf3 e5 5. d3 Be7 6. O-O O-O 7. Bg5 c6 8. h3
Nc5 9. Bh4 Qc7 10. Nh2 Ne6 11. Ng4 Nxg4 12. Bxe7 Nxf2 13. Rxf2 Qxe7 14. Bg4 Nf4
15. Bxc8 Raxc8 16. Ne2 Nxe2+ 17. Qxe2 Qe6 18. a3 f5 19. exf5 Rxf5 20. Qg4 Rf6
21. Qe2 Rcf8 22. Raf1 b6 23. b3 Rxf2 24. Rxf2 Rxf2 25. Kxf2 Qf5+ 26. Ke1 g6 27.
Kd1 Qh5 28. Qxh5 gxh5 29. g3 Kf7 30. Ke2 Kf6 31. Ke3 d5 32. c3 Kf5 33. Kf3 h6
34. a4 Kg5 35. b4 a6 36. c4 b5 37. axb5 axb5 38. c5 h4 39. g4 h5 40. gxh5 Kxh5
0-1

[Event "Paris-ch Open B"]
[Site "Paris"]
[Date "2011.07.07"]
[Round "6.5"]
[White "Succar, Marc"]
[Black "Percheron, Andre"]
[Result "1-0"]
[WhiteElo "1781"]
[BlackElo "1890"]
[PlyCount "89"]

1. b3 c5 2. Bb2 Nc6 3. e3 d5 4. Bb5 Nf6 5. Nf3 Bg4 6. h3 Bh5 7. g4 Bg6 8. Ne5
Qc7 9. c4 Bxb1 10. Rxb1 e6 11. d3 a6 12. Bxc6+ bxc6 13. Bc3 Bd6 14. f4 h6 15.
h4 Rd8 16. Kf2 d4 17. exd4 cxd4 18. Bxd4 Bb4 19. Bb2 Ne4+ 20. Kg2 Nd2 21. a3
Ba5 22. Rc1 f6 23. b4 fxe5 24. Bxe5 Qb7 25. Qxd2 c5+ 26. Kg3 cxb4 27. axb4 Bxb4
28. Qe3 O-O 29. c5 Qc6 30. d4 Rd7 31. Qd3 Qd5 32. Qc4 Qe4 33. Qxe6+ Rdf7 34.
Qb3 Bd2 35. Rcf1 Kh8 36. Qf3 Qg6 37. f5 Rxf5 38. Qxf5 Rxf5 39. Rxf5 Qe6 40. d5
Qe7 41. d6 Qe6 42. Rhf1 Qb3+ 43. R1f3 Be1+ 44. Kh3 Qe6 45. Re3 1-0

[Event "Paris-ch Open B"]
[Site "Paris"]
[Date "2011.07.07"]
[Round "6.6"]
[White "Dimitrijevic, Dragan"]
[Black "Vuddamalay, Milan"]
[Result "1-0"]
[WhiteElo "1884"]
[BlackElo "1766"]
[PlyCount "113"]

1. Nf3 d5 2. c4 c6 3. d4 Nf6 4. Nc3 dxc4 5. a4 Bf5 6. Ne5 Nbd7 7. Nxc4 Nb6 8.
Ne5 a5 9. g3 e6 10. Bg2 Bb4 11. O-O h6 12. Bf4 O-O 13. h3 Nbd5 14. Bd2 Bd6 15.
Nc4 Bc7 16. Qb3 Rb8 17. Rfd1 Nxc3 18. bxc3 b5 19. Ne5 Bxe5 20. dxe5 Ne4 21. Be3
Qe7 22. axb5 Rxb5 23. Qc4 Rxe5 24. f4 Nd6 25. Qd4 Rd5 26. Bxd5 cxd5 27. g4 Bc2
28. Rd2 Be4 29. Bf2 Nc4 30. Rda2 Qc7 31. Bg3 Rb8 32. Kh2 Rb3 33. Rc1 f6 34. Qd1
Qb6 35. Qd4 Qc7 36. Qd1 Qb8 37. Qd4 Rb5 38. Qf2 Kf7 39. Rd1 Rb3 40. Qd4 Rb1 41.
Ra1 Rb2 42. Re1 Qc7 43. Ra4 Kg8 44. Raa1 Kf7 45. Ra4 Qd7 46. Rxc4 Ra2 47. Rc5
Ra4 48. Qe3 Ra2 49. c4 Qa4 50. cxd5 exd5 51. Bf2 Ra3 52. Rc3 Ra2 53. Qc5 Rd2
54. Ra3 Qc4 55. Qxc4 dxc4 56. Kg3 Rc2 57. Bd4 1-0